Giúp em giải bài tập toán 3

Saved in:
Bibliographic Details
Main Author: Phạm, Đình Thực
Format: Book
Language:Undetermined
Published: Hà Nội Giáo Dục 2005
Subjects:
Tags: Add Tag
No Tags, Be the first to tag this record!
Institutions: Trung tâm Học liệu Trường Đại học Cần Thơ
LEADER 00589nam a2200205Ia 4500
001 CTU_106514
008 210402s9999 xx 000 0 und d
020 |c 11000 
082 |a 372.7076 
082 |b Th5 52/T2/L3 
100 |a Phạm, Đình Thực 
245 0 |a Giúp em giải bài tập toán 3 
245 0 |c Phạm Đình Thực 
260 |a Hà Nội 
260 |b Giáo Dục 
260 |c 2005 
650 |a Mathematics 
650 |x Study and teaching 
904 |i Tuyến, Q. Hiếu (sửa) 
980 |a Trung tâm Học liệu Trường Đại học Cần Thơ